| 000 | 00358nam a22001577a 4500 | ||
|---|---|---|---|
| 003 | SGT | ||
| 020 | _a978-81-239-2500-4 | ||
| 082 | _a613.0432 | ||
| 100 | _aSINGH, MEHARBAN | ||
| 245 | _aTHE ART AND SCIENCE OF BABY AND CHIELD CARE | ||
| 250 | _a4TH | ||
| 260 |
_aNEW DELHI _bC.B.S. PUB _c2015 |
||
| 300 | _a403 | ||
| 650 | _aAYURVEDA | ||
| 942 |
_2ddc _cBK _01 |
||
| 999 |
_c14697 _d14697 |
||